| 000 | 00000nas 2200000zi 4500 |
| 001 | 9.890379 |
| 003 | CaOODSP |
| 005 | 20231129100506 |
| 006 | m o d f |
| 007 | cr ||||||||||| |
| 008 | 200812d19942007oncar p o f0###a0eng|d |
| 040 | |aCaOODSP|beng|erda|cCaOODSP |
| 043 | |an-cn--- |
| 086 | 1 |aIu1-4E-PDF |
| 110 | 1 |aCanada. |bIndustry Canada, |eauthor, |eissuing body. |
| 245 | 10|aAccess to information and privacy acts, annual reports. |
| 246 | 1 |iIssue for 1998/1999 has cover title: |aAccess to Information Act and Privacy Act, ... annual report to Parliament |
| 246 | 1 |iIssue 1999/2000 has title: |aAccess to Information Act and Privacy Act, … annual report to Parliament |
| 246 | 1 |iIssues 2000/2001 - 2006/2007 have title: |aAnnual report on the Access to Information Act and the Privacy Act |
| 264 | 1|aOttawa : |bIndustry Canada = Industrie Canada, |c[1994-2007] |
| 310 | |aAnnual |
| 336 | |atext|btxt|2rdacontent |
| 337 | |acomputer|bc|2rdamedia |
| 338 | |aonline resource|bcr|2rdacarrier |
| 500 | |aIssued also in French under title: Loi sur l'accès à l'information et Loi sur la protection des renseignements personnels, rapports annuels. |
| 500 | |aDigitized edition from print [produced by Innovation, Science and Economic Development Canada]. |
| 515 | |aReport year ends Mar. 31. |
| 588 | |aDescription based on: 1993/1994. |
| 588 | |aLatest issue consulted: 2006/2007. |
| 610 | 10|aCanada.|bIndustry Canada|vPeriodicals. |
| 610 | 10|aCanada. |tAccess to Information Act|vPeriodicals. |
| 610 | 10|aCanada. |tPrivacy Act|vPeriodicals. |
| 650 | 0|aGovernment information|zCanada|vPeriodicals. |
| 650 | 0|aPublic records|zCanada|vPeriodicals. |
| 650 | 0|aFreedom of information|zCanada|vPeriodicals. |
| 650 | 0|aPrivacy, Right of|zCanada|vPeriodicals. |
| 655 | 7|aPeriodicals|2lcgft |
| 775 | 08|tLoi sur l'accès à l'information et Loi sur la protection des renseignements personnels, rapports annuels.|w(CaOODSP)9.890378 |
| 780 | 00|tAccess to Information and Privacy Acts, annual reports.|w(CaOODSP)9.886545 |
| 785 | 00|tAnnual report on the Access to Information Act |w(CaOODSP)9.506480 |
| 785 | 00|tAnnual report on the Privacy Act |w(CaOODSP)9.506474 |